000
00263nam a2200109Ia 4500
008
200302s9999 xx 000 0 und d
100
_a
J. E. Gordon
245
_a
Structure or why things don't fall down
260
_b
DA CAPO press
260
_c
1978
300
_a
395
999
_c
6583
_d
6583